Visualizzazione normale
Vista MARC
- Romanticismo
di Topical Term
Records bibliografici associati: 1
001 - CONTROL NUMBER
- control field: 39748
003 - CONTROL NUMBER IDENTIFIER
- control field: IT-RoINE
005 - DATE AND TIME OF LATEST TRANSACTION
- control field: 20171002042245.0
008 - FIXED-LENGTH DATA ELEMENTS
- fixed length control field: 171002|| aca||aabn | a|a d
040 ## - CATALOGING SOURCE
- Original cataloging agency: IT-RoINE
- Transcribing agency: IT-RoINE
150 ## - HEADING--TOPICAL TERM
- Topical term or geographic name as entry element: Romanticismo
- Geographic subdivision: Europa
670 ## - SOURCE DATA FOUND
- Source citation: Work cat.: (IT-RoINE)0: El rey Pelayo en el Romanticismo europeo y norteamericano :, 2015.